Interviews with Arata Isozaki in Asia.
| Aineistotyyppi: | Kirja |
|---|---|
| Kieli: | Japanese English Chinese Korean |
| Julkaistu: |
Tokyo :
Shinkenchikusha,
2008.
|
| Sarja: | Shinkenchiku.
|
| Aiheet: | |
| Classic Catalogue: | View this record in Classic Catalogue |
| LEADER | 01442nam a22004097a 4500 | ||
|---|---|---|---|
| 001 | 35847 | ||
| 003 | BD-DhAAL | ||
| 005 | 20220214123945.0 | ||
| 008 | 220214t2008 ja ab 000 0 jpn d | ||
| 999 | |c 43500 |d 43500 | ||
| 010 | |a 2014394506 | ||
| 020 | |a 9784786902185 | ||
| 035 | |a (OCoLC)ocn301104289 | ||
| 040 | |a LWU |c LWU |d TEF |d OCLCQ |d DLC |d BD-DhAAL | ||
| 041 | 0 | |a jpn |a eng |a chi |a kor | |
| 042 | |a lccopycat | ||
| 043 | |a ae----- | ||
| 050 | 0 | 0 | |a NA1559.I79 |b A35 2008 |
| 066 | |c $1 | ||
| 082 | 0 | 4 | |a 720.92 |2 22 |
| 084 | |a 520.4 |2 njb | ||
| 245 | |a Interviews with Arata Isozaki in Asia. | ||
| 260 | |a Tokyo : |b Shinkenchikusha, |c 2008. | ||
| 300 | |a 200 pages : |b illustrations (some colors), colors. maps ; |c 21 cm. | ||
| 490 | 1 | |a Shinkenchiku. | |
| 500 | |a Errata slip inserted. | ||
| 526 | |a BIED | ||
| 541 | |a Complimentary copy from BIED |e 35847 | ||
| 546 | |a Text in Japanese and English, first chapter also in Chinese and Korean. | ||
| 600 | 1 | 0 | |a Isozaki, Arata. |9 45749 |
| 650 | 0 | |a Architecture, Postmodern |z East Asia. |9 45750 | |
| 650 | 0 | |a Architecture. |9 45751 | |
| 653 | |6 880-07 |a Kenchiku. | ||
| 830 | 0 | |a Shinkenchiku. |9 45752 | |
| 852 | |a Ayesha Abed Library |c BIED Collection | ||
| 942 | |2 ddc |c BK | ||
| 952 | |0 0 |1 0 |2 ddc |4 0 |6 720_920000000000000_INT |7 0 |9 69783 |a BRACUL |b BRACUL |c GEN |d 2022-02-14 |e Complimentary copy from BIED |l 0 |o 720.92 INT |p 3010035847 |r 2022-02-14 |t 1 |w 2022-02-14 |y BK |x Transferred from BIED to General Stacks | ||